| 000 | 00658nam a2200169 a 4500 | ||
|---|---|---|---|
| 001 | 000045715 | ||
| 005 | 20201002052413.0 | ||
| 008 | 150430s2009 dr ac 000 0 spa d | ||
| 020 | _a978994586159 | ||
| 040 |
_aDO-SdBNP _bspa _cBNPHU |
||
| 082 |
_axxxx _bxxxx |
||
| 100 | 1 |
_aVenegas, Camilo _958100 |
|
| 245 | 1 | 0 |
_aHistorias que nos conectan del otro lado del mundo : _bel equipo olímpico de tricom en las olimpíadas de Beijing, China / _cCamilo Venegas ; fotografía Jochy Fersobe... [et. al.]. |
| 260 |
_a[Santo Domingo] : _bTRICOM _bLourdes Saleme y Asociados, _c2009. |
||
| 300 |
_a124 p. : _bil., retrs. ; _c29 cm. |
||
| 700 | 1 | 2 |
_aFersobe, Jochy _efot. _973769 |
| 999 |
_c45204 _d45204 |
||